00722nam a22002297a 450000500170000001000110001702000220002803500110005003700160006104000120007708200110008910000240010024500320012426000380015627000450019430000200023965000220025965000180028194200200029999900190031995201540033820170124110117.0 a994969 c00.00a0340011459 a994969 bCen Lib/Ret aDPLbEN aNbSET aSeton, Anya 930195 aKatherine /cby Anya Seton  aLondon bHodder & Stoughtonc1954 bLondon ast. paul's house, warwick lane  a573p.c17cm(Hb) aLiterature 96262 aNovel 922513 2ddccENhNmSET c130825d130825 04104070aLbLd2015-07-10eCen Lib/Retg0.00l0oN SETp994969r2015-07-10 00:00:00t1v0.00w2015-07-10yENzW/d List No. 6857/16; dtd 04/08/2020